banner-ar

HANDBOOK OF THE PHILADELPHIA MUSEUM OF ART: A GUIDE TO THE MUSEUM AND ITS COLLECTIONS / (Record no. 19562)

MARC details
000 -الفاتح
حقل البيانات ثابتة الطول 00448nam a2200157Ia 4500
008 - عناصر البيانات ثابتة الطول - معلومات عامة
حقل البيانات ثابتة الطول 140319s9999 xx 000 0 eng d
040 ## - مصدر الفهرسة
وكالة الفهرسة الأصلية GCL /
وكالة النسخ GCL
082 04 - رقم تصنيف ديوى العشرى
رقم التصنيف 708
رقم المادة M H
100 1# - المدخل الرئيسى - إسم شخصى
الإسم الشخصى MARCEAU, HENRI
245 10 - بيان العنوان
العنوان HANDBOOK OF THE PHILADELPHIA MUSEUM OF ART: A GUIDE TO THE MUSEUM AND ITS COLLECTIONS /
بيان المسئوليه,etc MARCEAU, HENRI
650 04 - المدخل الاضافى بالموضوع-مصطلح موضوعى
مصطلح موضوعي MUSEUMS
650 04 - المدخل الاضافى بالموضوع-مصطلح موضوعى
مصطلح موضوعي ARTS
942 ## - عناصر المدخل الإضافي( كوها)
مصدر التصنيف او مخطط الترفيف Dewey Decimal Classification
Koha [default] item type كتاب
260 ## - PUBLICATION, DISTRIBUTION, ETC. (IMPRINT)
-- [S.N] :
-- MUSEUM OF PHILA DELPHIC
Holdings
حالة التراجع حالة الفقد حالة تلف ليس للاعارة المكان المؤقت الموقع الحالى تاريخ الاكتساب اجمالي اﻻعارات رقم الطلب الباركود تاريخ اخر مشاهدة تاريخ تفعيل السعر نوع وعاء كوها
        مكتبة القاهرة الكبرى مكتبة القاهرة الكبرى 03/26/2014   708\M H 37237 03/26/2014 03/26/2014 كتاب

Powered By

EGPV